| 000 | 00806nam a2200229 a 4500 | ||
|---|---|---|---|
| 001 | 000024568 | ||
| 005 | 20260304103205.0 | ||
| 008 | 110131s1987 sp abc r 000 0 spa d | ||
| 040 |
_aDO-SdBNP _bspa _cBNPHU |
||
| 082 |
_a323.4 _bG918 |
||
| 245 | 0 | 1 |
_aGuatemala : _bcrónica de las violaciones de los derechos humanos. |
| 260 |
_aMadrid, (España) : _bPublicaciones Amnistía Internacional, _c[1987]. |
||
| 300 |
_a231 p. : _bil., retrs. ; mapas ; _c21 cm. |
||
| 500 | _aIncluye apéncice | ||
| 504 | _aIncluye referencias bibliográficas | ||
| 500 | _aIncluye notas al pie de las páginas | ||
| 650 | 0 |
_aDerechos humanos _9658 |
|
| 650 | 0 |
_aGarantías (Derecho) _948438 |
|
| 650 | 4 |
_aDerechos humanos _xFilosofía _950375 |
|
| 650 | 4 |
_aDerechos humanos (derecho internacional) _950376 |
|
| 049 | _aBNGR | ||
| 999 |
_c24061 _d24061 |
||